000 00322 a2200133 4500
001 153607
040 _cEscola São Tomás de Aquino
100 _aREY, Marcos
240 1 0 _aO mistério do cinco estrelas
_lpor
245 1 0 _aO mistério do cinco estrelas
362 0 _a2000
697 _a*LITERATURA JUVENIL
942 _cBK
999 _c153607
_d153607